Представление документа в формате RUSMARC

ПолеНазваниеЗначение
  Тип записи a
  Библиографический уровень m
001 Контрольный номер RU/SLIB/B/208736558
005 Дата корректировки 20260513162257.5
101 Язык документа 0_
a Язык текста rus
200 Заглавие и сведения об ответственности 1_
a Заглавие Металл из "камня надежды"
f Первые сведения об ответственности Капустинская К. А., Макареня А. А.
b Общее обозначение материала Текст
205 Сведения об издании __
a Основные сведения об издании 2-е изд., перераб. и доп.
210 Выходные данные 1_
a Место издания М.
c Издательство Энергоиздат
d Дата издания 1982
215 Физическое описание __
a Объем 95 с.
606 Тематические рубрики __
a Основная рубрика Технология металлов
y Географическая подрубрика Россия
606 Тематические рубрики __
a Основная рубрика Металловедение цветных металлов и сплавов
610 Ключевые слова 0_
a Ключевые слова металлы; металлические соединения; металлические сплавы
686 Индексы других классификаций __
a Классификационный индекс 34.23; ст34.2
700 Автор _1
a Фамилия Капустинская
b Имя К. А.
4 Код отношения 070
702 Вторичная интеллектуальная ответственность _1
a Фамилия Макареня
b Имя А. А.
4 Код отношения Автор
801 Источник записи _0
a Страна RU
b Организация Муниципальное бюджетное учреждение культуры "Централизованная библиотечная система" г. Сургут (Центральная городская библиотека им. А. С. Пушкина)
801 Источник записи _1
a Страна RU
b Организация Муниципальное бюджетное учреждение культуры "Централизованная библиотечная система" г. Сургут (Центральная городская библиотека им. А. С. Пушкина)
852 Данные о местонахождении __
j Шифр хранения 34.23
c Каталожный индекс 34.23
i Авторский знак К 20
901 Тип документа __
t Тип документа m
990 Данные о заказе (DOS) __
j Количество экземпляров (DOS) #